[Event "Wch Juvenil 2013 sub-18"]
[Site "Al-Ain UAE"]
[Date "2013.12.18"]
[Round "1.1"]
[White "Cori, Jorge"]
[Black "Grandadam, Patrik"]
[Result "1-0"]
[WhiteElo "2609"]
[BlackElo "2243"]
[PlyCount "115"]
[EventDate "2013.12.19"]
[EventType "swiss"]
[EventRounds "11"]
[EventCountry "UAE"]
[Source "lmi"]
[SourceDate "2013.12.19"]

1. d4 d5 2. c4 e6 3. Nf3 Nf6 4. Bg5 Bb4+ 5. Nc3 Nbd7 6. e3 c5 7. cxd5 exd5 8.
Bd3 Qa5 9. Qc2 O-O 10. O-O c4 11. Bf5 Bxc3 12. bxc3 Re8 13. Nd2 g6 14. Bxd7
Nxd7 15. h4 f6 16. Bf4 Nb6 17. f3 Qa4 18. Qb1 Qa3 19. Qc1 Qxc1 20. Rfxc1 Bd7
21. Rab1 Bc6 22. g4 Re6 23. Kf2 Kf7 24. g5 Rg8 25. Nf1 Ke8 26. Ng3 Kd7 27. Rh1
Kc8 28. Ne2 Nd7 29. Rbg1 Ba4 30. gxf6 Nxf6 31. h5 Bc2 32. Be5 g5 33. h6 Rg6 34.
Rg3 Ng8 35. Rhg1 Nxh6 36. Rxg5 Ra6 37. Bf4 Rxg5 38. Rxg5 Rxa2 39. Rxd5 Nf5 40.
e4 Nxd4 41. Nc1 Bxe4+ 42. Nxa2 Bxd5 43. cxd4 Kd7 44. Bd2 Bf7 45. Ke3 Kc6 46. f4
Bg6 47. Bb4 b6 48. Nc3 a5 49. Be7 Kd7 50. Bf6 h5 51. d5 Bc2 52. Kd4 Bb3 53. Bh4
a4 54. f5 a3 55. f6 Ke8 56. d6 a2 57. Nxa2 c3 58. Nxc3 1-0

[Event "Wch Juvenil 2013 sub-18"]
[Site "Al-Ain UAE"]
[Date "2013.12.18"]
[Round "1.2"]
[White "Klabis, Rokas"]
[Black "Grigoryan, Karen H"]
[Result "0-1"]
[WhiteElo "2239"]
[BlackElo "2604"]
[PlyCount "68"]
[EventDate "2013.12.19"]
[EventType "swiss"]
[EventRounds "11"]
[EventCountry "UAE"]
[Source "lmi"]
[SourceDate "2013.12.19"]

1. d4 Nf6 2. Bf4 g6 3. Nf3 Bg7 4. e3 O-O 5. Nbd2 d6 6. Be2 Nfd7 7. h3 e5 8. Bh2
Nc6 9. c3 a5 10. O-O h6 11. a3 f5 12. b4 f4 13. Qb3+ Kh8 14. Rad1 axb4 15. axb4
g5 16. dxe5 Ndxe5 17. exf4 gxf4 18. b5 Nxf3+ 19. Nxf3 Ne5 20. Rfe1 Nd7 21. Nd4
Nc5 22. Qd5 Qg5 23. Qxg5 hxg5 24. Ra1 Ra4 25. Rxa4 Nxa4 26. Rc1 Re8 27. Kf1 Re7
28. h4 Nxc3 29. Rxc3 Bxd4 30. Rc4 Be5 31. hxg5 Rh7 32. Kg1 Be6 33. Ra4 Rxh2 34.
Ra8+ Kg7 0-1

[Event "Wch Juvenil 2013 sub-18"]
[Site "Al-Ain UAE"]
[Date "2013.12.18"]
[Round "1.3"]
[White "Anton Guijarro, David"]
[Black "Olund, Joar"]
[Result "1/2-1/2"]
[WhiteElo "2558"]
[BlackElo "2236"]
[PlyCount "59"]
[EventDate "2013.12.19"]
[EventType "swiss"]
[EventRounds "11"]
[EventCountry "UAE"]
[Source "lmi"]
[SourceDate "2013.12.19"]

1. e4 g6 2. h4 h5 3. d4 Bg7 4. c3 d6 5. Bg5 Nf6 6. Bd3 c5 7. Ne2 Nc6 8. f3 Nd7
9. Be3 cxd4 10. cxd4 e5 11. d5 Nd4 12. Bf2 O-O 13. Nbc3 Nc5 14. b4 Nxd3+ 15.
Qxd3 Nxe2 16. Qxe2 Bd7 17. O-O Bf6 18. g3 g5 19. hxg5 Bxg5 20. Be3 Bxe3+ 21.
Qxe3 Qb6 22. Nd1 f5 23. exf5 Rxf5 24. Kg2 Qxb4 25. Qh6 Raf8 26. Qg6+ Kh8 27.
Qh6+ Kg8 28. Qg6+ Kh8 29. Qh6+ Kg8 30. Qg6+ 1/2-1/2

[Event "Wch Juvenil 2013 sub-18"]
[Site "Al-Ain UAE"]
[Date "2013.12.18"]
[Round "1.4"]
[White "Drnovsek, Gal"]
[Black "Eliseev, Urii"]
[Result "0-1"]
[WhiteElo "2232"]
[BlackElo "2552"]
[PlyCount "244"]
[EventDate "2013.12.19"]
[EventType "swiss"]
[EventRounds "11"]
[EventCountry "UAE"]
[Source "lmi"]
[SourceDate "2013.12.19"]

1. d4 c5 2. d5 d6 3. e4 g6 4. Nf3 Bg7 5. Be2 Nf6 6. Nc3 O-O 7. O-O Na6 8. Nd2
Nc7 9. a4 b6 10. Nc4 Ba6 11. Ra3 Nd7 12. Rb3 Ne5 13. Nxe5 Bxe2 14. Qxe2 Bxe5
15. Bh6 Re8 16. Nb5 a6 17. Na3 e6 18. dxe6 Nxe6 19. Qg4 Nd4 20. Rd3 f5 21. exf5
Nxf5 22. Bg5 Bf6 23. Bxf6 Qxf6 24. Nc4 b5 25. Nb6 Ra7 26. c3 Qe5 27. Nd5 Rf7
28. Ne3 Ref8 29. Rfd1 Kh8 30. Nxf5 Rxf5 31. Qg3 Rxf2 32. Qxf2 Rxf2 33. Kxf2
Qf4+ 34. Kg1 Qxa4 35. Rxd6 Kg7 36. h3 Kh6 37. R6d5 Qe4 38. Kh1 Qe3 39. R5d3 Qe2
40. R1d2 Qe7 41. Kh2 Qe5+ 42. Kh1 a5 43. Rd5 Qe3 44. R5d3 Qe1+ 45. Kh2 Qe5+ 46.
Kh1 a4 47. Rc2 Qf4 48. Kg1 Qe4 49. Rdd2 Qc4 50. Kh2 Qf4+ 51. Kg1 Qg3 52. Rf2
Qe3 53. Kh2 Qe4 54. Rce2 Qd3 55. Rd2 Qc4 56. Rc2 Qb3 57. Rfe2 Qa2 58. Rf2 Qb1
59. Rcd2 Qc1 60. Rc2 Qe3 61. Rce2 Qd3 62. Rd2 Qc4 63. Rc2 Kg5 64. Kh1 Kh4 65.
Kh2 Qd3 66. Rf4+ Kg5 67. Rff2 Qd6+ 68. Kh1 Qg3 69. Rf3 Qe5 70. Rff2 Kh5 71.
Rce2 Qg3 72. Rf3 Qd6 73. Ref2 Kh6 74. Kg1 Qd5 75. Kh1 Qd1+ 76. Kh2 Qc1 77. Re2
Qd1 78. Ref2 Qe1 79. Rc2 Kh5 80. Rcf2 Kg5 81. Rg3+ Kh6 82. Rgf3 Qe5+ 83. Kh1 b4
84. cxb4 cxb4 85. Kg1 b3 86. Rf4 a3 87. bxa3 Qa1+ 88. Rf1 b2 89. Rb4 Qxa3 90.
Re4 Qc5+ 91. Kh1 Qc2 92. Ree1 Kh5 93. Rd1 Qe4 94. Rfe1 Qb4 95. Kh2 Kh4 96. Rf1
Qe4 97. Rde1 Qd3 98. Rd1 Qg3+ 99. Kh1 Qe5 100. Rde1 Qd4 101. Rd1 Qb4 102. Kh2
Qb8+ 103. Kh1 Qb3 104. Kh2 Qg3+ 105. Kh1 Qc3 106. Rf4+ Kh5 107. Rff1 g5 108.
Kh2 Kh4 109. Rfe1 Qc7+ 110. Kh1 h5 111. Re2 Qc1 112. Ree1 Qc2 113. Rf1 g4 114.
hxg4 hxg4 115. Rde1 Qc7 116. Rd1 Qh7 117. Kh2 g3+ 118. Kg1 Qa7+ 119. Kh1 Kg4
120. Rf4+ Kxf4 121. Rd4+ Ke3 122. Rd3+ Ke4 0-1

[Event "Wch Juvenil 2013 sub-18"]
[Site "Al-Ain UAE"]
[Date "2013.12.18"]
[Round "1.5"]
[White "Vaibhav, Suri"]
[Black "Gstach, Jakob"]
[Result "1-0"]
[WhiteElo "2544"]
[BlackElo "2227"]
[PlyCount "77"]
[EventDate "2013.12.19"]
[EventType "swiss"]
[EventRounds "11"]
[EventCountry "UAE"]
[Source "lmi"]
[SourceDate "2013.12.19"]

1. e4 e5 2. Nf3 Nc6 3. Bb5 Nf6 4. d3 Bc5 5. Bxc6 dxc6 6. Qe2 Qe7 7. Nbd2 O-O 8.
Nc4 Bd6 9. Bd2 Bg4 10. Ne3 Bxf3 11. Qxf3 Rfd8 12. O-O-O a5 13. Kb1 Bb4 14. Nf5
Qe6 15. Bg5 Be7 16. Qg3 Bf8 17. Nh6+ Kh8 18. Qxe5 Re8 19. Qxe6 Rxe6 20. Nf5 Nd7
21. Bf4 Bd6 22. Bg3 Kg8 23. f3 g6 24. Ne3 c5 25. Nd5 c6 26. Nc7 Bxc7 27. Bxc7
a4 28. d4 Rc8 29. Bg3 cxd4 30. Rxd4 Nb6 31. Rhd1 f5 32. Bf2 Kf7 33. b3 axb3 34.
axb3 fxe4 35. fxe4 c5 36. Rd8 Rc7 37. Bg3 Rce7 38. Bd6 Re8 39. Bxc5 1-0

[Event "Wch Juvenil 2013 sub-18"]
[Site "Al-Ain UAE"]
[Date "2013.12.18"]
[Round "1.6"]
[White "Meylan, Andre"]
[Black "Gabuzyan, Hovhannes"]
[Result "0-1"]
[WhiteElo "2193"]
[BlackElo "2532"]
[PlyCount "112"]
[EventDate "2013.12.19"]
[EventType "swiss"]
[EventRounds "11"]
[EventCountry "UAE"]
[Source "lmi"]
[SourceDate "2013.12.19"]

1. e4 c5 2. Nf3 d6 3. d4 cxd4 4. Nxd4 Nf6 5. Nc3 a6 6. a4 g6 7. Be2 Bg7 8. O-O
O-O 9. Be3 Bd7 10. f4 Nc6 11. Bf3 Rc8 12. Nb3 Be6 13. Nd5 Bxd5 14. exd5 Na5 15.
Nxa5 Qxa5 16. Bd4 Rc4 17. b3 Rxd4 18. Qxd4 Nd7 19. Qe3 Bxa1 20. Rxa1 Qb4 21.
Rd1 Re8 22. Qd4 Qxd4+ 23. Rxd4 Rc8 24. c4 Nc5 25. Bd1 b6 26. b4 Nd7 27. Be2 a5
28. Rd2 axb4 29. Rb2 Ra8 30. Rxb4 Kf8 31. Kf2 Ke8 32. Bd1 Kd8 33. Bc2 Kc7 34.
Kf3 Nc5 35. g3 Ra5 36. h3 Ra8 37. Kf2 Re8 38. Rb1 e5 39. dxe6 fxe6 40. Rb5 Ra8
41. Rb4 Kc6 42. Kf3 Rd8 43. h4 e5 44. Rb5 Ne6 45. Be4+ Kc7 46. Ke3 exf4+ 47.
gxf4 Re8 48. Bc2 Kc6 49. Rb1 Ng5+ 50. Kd4 Nf3+ 51. Kc3 Re3+ 52. Kb4 Nd4 53. Bd1
Kb7 54. Rb2 Ka6 55. a5 bxa5+ 56. Ka4 Ne6 0-1

[Event "Wch Juvenil 2013 sub-18"]
[Site "Al-Ain UAE"]
[Date "2013.12.18"]
[Round "1.7"]
[White "Naroditsky, Daniel"]
[Black "Starcevs, Dmitrijs"]
[Result "1-0"]
[WhiteElo "2531"]
[BlackElo "2178"]
[PlyCount "73"]
[EventDate "2013.12.19"]
[EventType "swiss"]
[EventRounds "11"]
[EventCountry "UAE"]
[Source "lmi"]
[SourceDate "2013.12.19"]

1. Nf3 Nf6 2. c4 g6 3. Nc3 d5 4. Qa4+ Bd7 5. Qb3 dxc4 6. Qxc4 Bg7 7. e4 Be6 8.
Qb5+ Nfd7 9. Qxb7 Nb6 10. Nb5 O-O 11. Qxc7 Na6 12. Qxd8 Raxd8 13. Nbd4 Nb4 14.
a3 Bxd4 15. axb4 Nc4 16. Ra6 Bxb2 17. Bxb2 Nxb2 18. d4 Rb8 19. b5 Bc4 20. Rxa7
Rxb5 21. Bxc4 Nxc4 22. O-O e6 23. Rc1 Nd6 24. e5 Ne4 25. h3 Rb2 26. Rcc7 h6 27.
d5 exd5 28. e6 Nd6 29. Rd7 Nf5 30. g4 Ng7 31. exf7+ Kh7 32. Rxd5 Rb6 33. Ne5
Ne6 34. Re7 Ng5 35. Rd8 Kg7 36. Rxf8 Kxf8 37. Re8+ 1-0

[Event "Wch Juvenil 2013 sub-18"]
[Site "Al-Ain UAE"]
[Date "2013.12.18"]
[Round "1.8"]
[White "Tvarijonas, Tomas"]
[Black "Dragun, Kamil"]
[Result "0-1"]
[WhiteElo "2176"]
[BlackElo "2530"]
[PlyCount "58"]
[EventDate "2013.12.19"]
[EventType "swiss"]
[EventRounds "11"]
[EventCountry "UAE"]
[Source "lmi"]
[SourceDate "2013.12.19"]

1. e4 c5 2. Nf3 d6 3. d4 cxd4 4. Nxd4 Nf6 5. Nc3 a6 6. Bc4 e6 7. Bb3 Nbd7 8.
Be3 Nc5 9. f3 Be7 10. Qd2 Nxb3 11. Nxb3 b5 12. Qf2 O-O 13. O-O Nd7 14. a3 Ne5
15. Bb6 Qd7 16. Na5 Bb7 17. f4 Nc6 18. Nxc6 Qxc6 19. Bd4 f5 20. exf5 Rxf5 21.
Qd2 Raf8 22. Be3 Bf6 23. Rf2 Bh4 24. Rff1 e5 25. fxe5 Rf2 26. Rxf2 Rxf2 27.
Qd5+ Qxd5 28. Nxd5 Re2 29. Ne7+ Kh8 0-1

[Event "Wch Juvenil 2013 sub-18"]
[Site "Al-Ain UAE"]
[Date "2013.12.18"]
[Round "1.9"]
[White "Abasov, Nijat"]
[Black "Dolnak, Michal"]
[Result "1/2-1/2"]
[WhiteElo "2510"]
[BlackElo "2164"]
[PlyCount "77"]
[EventDate "2013.12.19"]
[EventType "swiss"]
[EventRounds "11"]
[EventCountry "UAE"]
[Source "lmi"]
[SourceDate "2013.12.19"]

1. c4 e5 2. Nc3 Nf6 3. g3 c6 4. Nf3 e4 5. Nd4 Qb6 6. Nc2 d5 7. cxd5 cxd5 8. Bg2
Nc6 9. O-O Be6 10. d3 Rd8 11. dxe4 dxe4 12. Qe1 Bf5 13. Bg5 Be7 14. Qc1 Bg6 15.
Rb1 O-O 16. Bxf6 Bxf6 17. Bxe4 Qa6 18. Bxg6 hxg6 19. Rd1 Rxd1+ 20. Qxd1 Rd8 21.
Qe1 Bxc3 22. Qxc3 Qxe2 23. Re1 Rd1 24. a3 Rxe1+ 25. Nxe1 Ne5 26. Kg2 g5 27. h3
Qe4+ 28. Kf1 f6 29. f3 Qf5 30. Kg2 Qd7 31. Qb3+ Kh8 32. Qc2 a5 33. Qe2 Qd4 34.
f4 gxf4 35. Qh5+ Kg8 36. Qe8+ Kh7 37. Qh5+ Kg8 38. Qe8+ Kh7 39. Qh5+ 1/2-1/2

[Event "Wch Juvenil 2013 sub-18"]
[Site "Al-Ain UAE"]
[Date "2013.12.18"]
[Round "1.10"]
[White "El Jawich, Amro"]
[Black "Chigaev, Maksim"]
[Result "0-1"]
[WhiteElo "2156"]
[BlackElo "2508"]
[PlyCount "80"]
[EventDate "2013.12.19"]
[EventType "swiss"]
[EventRounds "11"]
[EventCountry "UAE"]
[Source "lmi"]
[SourceDate "2013.12.19"]

1. e4 c5 2. Nf3 e6 3. d4 cxd4 4. Nxd4 a6 5. Bd3 Bc5 6. Nb3 Be7 7. O-O d6 8. Be3
Nd7 9. f4 Ngf6 10. c4 b6 11. Nc3 Bb7 12. Qe2 g6 13. a4 Rb8 14. a5 bxa5 15. Nxa5
Ba8 16. Rfb1 Rb4 17. Kh1 O-O 18. Bd2 Qb6 19. Nd1 Nc5 20. Bxb4 Qxb4 21. Nc3 Bd8
22. Na2 Qb6 23. Nc3 Ng4 24. Bc2 Nd3 25. Bxd3 Nf2+ 26. Kg1 Nxd3+ 27. Kf1 Nxf4
28. Qf2 f5 29. Qxb6 Bxb6 30. g3 Nd3 31. e5 Nxe5 32. Rd1 f4 33. g4 Nxg4 34. Rxd6
Nxh2+ 35. Ke1 Bc5 36. Rxa6 f3 37. Nb3 f2+ 38. Ke2 Bf3+ 39. Kd3 Rd8+ 40. Kc2
Bd1+ 0-1

[Event "Wch Juvenil 2013 sub-18"]
[Site "Al-Ain UAE"]
[Date "2013.12.18"]
[Round "1.13"]
[White "Grover, Sahaj"]
[Black "Kisic, Bozidar"]
[Result "1-0"]
[WhiteElo "2485"]
[BlackElo "2130"]
[PlyCount "73"]
[EventDate "2013.12.19"]
[EventType "swiss"]
[EventRounds "11"]
[EventCountry "UAE"]
[Source "lmi"]
[SourceDate "2013.12.19"]

1. e4 g6 2. d4 Bg7 3. Nc3 d6 4. f4 a6 5. a4 Nc6 6. Be3 d5 7. e5 Nh6 8. h3 Nf5
9. Bf2 h5 10. Nf3 Rb8 11. Qd2 Na5 12. Bd3 Nc4 13. Qc1 c6 14. O-O b5 15. b3 Nb6
16. Nd1 bxa4 17. bxa4 Nc4 18. Rb1 Rxb1 19. Qxb1 Bh6 20. Qc1 Ng7 21. Nc3 Ne6 22.
Ne2 Qa5 23. c3 Qxa4 24. g3 Nc7 25. Qb1 Nb5 26. Kg2 Qa3 27. f5 gxf5 28. Bxf5 e6
29. Bd3 Nxc3 30. Qc2 Nxe2 31. Qxe2 Nb2 32. Bc2 Na4 33. Ne1 a5 34. Bg1 Nb6 35.
Qxh5 Qf8 36. Rxf7 Qb4 37. Rh7+ 1-0

[Event "Wch Juvenil 2013 sub-18"]
[Site "Al-Ain UAE"]
[Date "2013.12.18"]
[Round "1.14"]
[White "Malureanu, Costin-George"]
[Black "Idani, Pouya"]
[Result "0-1"]
[WhiteElo "2116"]
[BlackElo "2483"]
[PlyCount "32"]
[EventDate "2013.12.19"]
[EventType "swiss"]
[EventRounds "11"]
[EventCountry "UAE"]
[Source "lmi"]
[SourceDate "2013.12.19"]

1. e4 c5 2. Nf3 d6 3. d4 Nf6 4. Nc3 cxd4 5. Nxd4 a6 6. f4 e5 7. Nf3 Nbd7 8. a4
Be7 9. Bc4 Qa5 10. Bd2 O-O 11. Qe2 exf4 12. Nd5 Qd8 13. Nxf4 Nc5 14. Bd3 Re8
15. O-O Bf8 16. e5 dxe5 0-1

[Event "Wch Juvenil 2013 sub-18"]
[Site "Al-Ain UAE"]
[Date "2013.12.18"]
[Round "1.15"]
[White "Bortnyk, Olexandr"]
[Black "Vanagas, Tadas"]
[Result "1/2-1/2"]
[WhiteElo "2474"]
[BlackElo "2116"]
[PlyCount "248"]
[EventDate "2013.12.19"]
[EventType "swiss"]
[EventRounds "11"]
[EventCountry "UAE"]
[Source "lmi"]
[SourceDate "2013.12.19"]

1. e4 c5 2. c3 d5 3. exd5 Qxd5 4. d4 Nf6 5. Nf3 Bg4 6. dxc5 Qxc5 7. Na3 Nbd7 8.
Be3 Qa5 9. h3 Bh5 10. g4 Bg6 11. g5 Nd5 12. Bb5 O-O-O 13. Qe2 e6 14. Bxd7+ Rxd7
15. Nc4 Nxc3 16. Nxa5 Nxe2 17. Ne5 Nd4 18. Nxd7 Bb4+ 19. Kf1 Nc2 20. Rc1 Kxd7
21. Rd1+ Ke7 22. Bd2 Bxa5 23. Bxa5 e5 24. Bc3 f6 25. Ke2 b5 26. a3 a5 27. gxf6+
gxf6 28. Bxa5 Bh5+ 29. f3 Nd4+ 30. Rxd4 exd4 31. Rd1 Rg8 32. Kf2 Rc8 33. Rxd4
Rc2+ 34. Kg3 Rxb2 35. Bb4+ Ke6 36. Rd6+ Kf7 37. Bc3 Rb3 38. Rxf6+ Ke7 39. Rc6
Kd7 40. Rc5 Bxf3 41. Bb4 Be2+ 42. Kf2 Bc4 43. Rh5 Bd3 44. h4 Kc6 45. Rc5+ Kb6
46. Rd5 Bb1 47. Rd6+ Kc7 48. Rf6 Kb7 49. Bc5 Kc7 50. Ke2 Be4 51. Bb4 Bb1 52.
Kd2 Kb7 53. Rf1 Bg6 54. Rf6 Bb1 55. Re6 Kc7 56. h5 Kb7 57. Re1 Kb6 58. Bc3 Bf5
59. Re5 Bb1 60. Re3 Kb7 61. Re7+ Kc6 62. Ra7 Kb6 63. Bd4+ Kc6 64. Kc1 Be4 65.
Be5 Kb6 66. Re7 Bf5 67. Bd4+ Kc6 68. Re5 Bb1 69. Rc5+ Kb7 70. Bb2 Be4 71. Re5
Bd3 72. Kd2 Bb1 73. Kc1 Bd3 74. Re3 Kc6 75. Bg7 Bc4 76. Re7 Bd3 77. Re6+ Kd5
78. Re5+ Kc6 79. Kd2 Bb1 80. Re6+ Kd5 81. Rb6 Kc5 82. Rb8 Kc6 83. Bf8 Kc7 84.
Re8 Kc6 85. Bb4 Kb6 86. Re6+ Kb7 87. Ke2 Bc2 88. Re7+ Kb6 89. Re5 Bb1 90. Kf2
Kc6 91. Re1 Kb6 92. Bd2 Kb7 93. Bh6 Bf5 94. Re7+ Kc6 95. Re5 Bb1 96. Re1 Bf5
97. Bc1 Kb7 98. Re5 Bb1 99. Be3 Bd3 100. Re7+ Kc6 101. Ra7 Be4 102. h6 Kd5 103.
Rd7+ Kc6 104. Re7 Bb1 105. Ra7 Be4 106. Ra5 Kb7 107. Ke2 Rb2+ 108. Ke1 Rb1+
109. Kf2 Rb3 110. Bd4 Rf3+ 111. Ke2 Rb3 112. Bc5 Kc6 113. Ba7 Kb7 114. Bd4 Kc6
115. Ra7 Bb1 116. Kf2 Bf5 117. Ra5 Bb1 118. Be3 Be4 119. Ra7 Kd5 120. Ra6 Rb2+
121. Kg3 Rg2+ 122. Kf4 Rg6 123. Ra5 Rf6+ 124. Kg4 Kc4 1/2-1/2

[Event "Wch Juvenil 2013 sub-18"]
[Site "Al-Ain UAE"]
[Date "2013.12.18"]
[Round "1.16"]
[White "Soysal, Serkan"]
[Black "Santos Latasa, Jaime"]
[Result "0-1"]
[WhiteElo "2114"]
[BlackElo "2467"]
[PlyCount "158"]
[EventDate "2013.12.19"]
[EventType "swiss"]
[EventRounds "11"]
[EventCountry "UAE"]
[Source "lmi"]
[SourceDate "2013.12.19"]

1. d4 Nf6 2. Nf3 e6 3. Bf4 c5 4. e3 Nc6 5. c3 Nh5 6. Bg5 Qb6 7. Qb3 h6 8. Bh4
g5 9. Bg3 Nxg3 10. hxg3 Bg7 11. Qxb6 axb6 12. Na3 d5 13. Nb5 Ke7 14. Nd2 Bd7
15. Be2 f5 16. f4 Nd8 17. Na3 Nf7 18. Kf2 Nd6 19. Nc2 Ba4 20. Ne1 Ne4+ 21. Nxe4
fxe4 22. Bg4 Rhg8 23. Bh5 Rac8 24. Bd1 Bb5 25. Nc2 Rgf8 26. Na3 Bd7 27. Ke1 b5
28. Nc2 b4 29. Kd2 Ba4 30. Ne1 Bb5 31. Be2 Bd7 32. Nc2 Ba4 33. Ne1 Rc7 34. a3
bxc3+ 35. bxc3 Rfc8 36. Rb1 Be8 37. Rb6 gxf4 38. gxf4 Ra8 39. Bg4 Ra6 40. Rxa6
bxa6 41. Bd1 Rb7 42. Kc1 Bb5 43. g4 Bd3 44. Nxd3 exd3 45. Rh2 Rc7 46. Kb2 Kf7
47. Rd2 c4 48. Ka2 Bf6 49. Rh2 Kg7 50. Rh3 Rb7 51. Rh1 Bd8 52. Ba4 Ba5 53. Rc1
Kf6 54. Bd1 Kg6 55. Ba4 h5 56. gxh5+ Kxh5 57. Rb1 Rxb1 58. Kxb1 Bxc3 59. f5
exf5 60. Kc1 f4 61. exf4 Bxd4 62. Kd2 Bb6 63. Bc6 d4 64. Bd5 Ba5+ 65. Kc1 c3
66. Bf3+ Kh4 67. Be4 d2+ 68. Kd1 Kg3 69. Ke2 Kxf4 70. Bc2 Bb6 71. Bd1 Bc5 72.
Kd3 a5 73. a4 Bb6 74. Ke2 Ke4 75. Bc2+ Kd5 76. Bd3 Kc5 77. Kd1 Kb4 78. Kc2 Kxa4
79. Be2 Kb4 0-1

[Event "Wch Juvenil 2013 sub-18"]
[Site "Al-Ain UAE"]
[Date "2013.12.18"]
[Round "1.17"]
[White "Drozdowski, Kacper"]
[Black "Aleman Hernandez, Andres"]
[Result "1-0"]
[WhiteElo "2463"]
[BlackElo "2110"]
[PlyCount "95"]
[EventDate "2013.12.19"]
[EventType "swiss"]
[EventRounds "11"]
[EventCountry "UAE"]
[Source "lmi"]
[SourceDate "2013.12.19"]

1. e4 c5 2. Nf3 d6 3. d4 cxd4 4. Qxd4 Nc6 5. Bb5 Bd7 6. Bxc6 Bxc6 7. Nc3 Nf6 8.
Bg5 h6 9. Bxf6 gxf6 10. Qd3 Rg8 11. g3 Qa5 12. O-O-O Rc8 13. Nd4 Bd7 14. f4 h5
15. Kb1 a6 16. Rhe1 Bg4 17. Rd2 h4 18. Nd5 hxg3 19. hxg3 Be6 20. Nb3 Qd8 21.
Rh2 Bxd5 22. exd5 Qd7 23. Nd4 Rc5 24. Rh7 Rg7 25. Rxg7 Bxg7 26. Qh7 Bf8 27. Nf5
Rxd5 28. Nxe7 Qxe7 29. Rxe7+ Bxe7 30. Qh8+ Kd7 31. Qh1 Rb5 32. a4 Rb6 33. Qh3+
Kd8 34. Qh8+ Kd7 35. Qg8 Rb4 36. b3 Rb6 37. Qxf7 Rc6 38. Qd5 Kc7 39. b4 Rc3 40.
Qe6 Bd8 41. g4 Rg3 42. a5 Rf3 43. Qc4+ Kd7 44. Qe4 Rg3 45. Qxb7+ Bc7 46. Qxa6
Rxg4 47. Qb5+ Ke7 48. Qe2+ 1-0

[Event "Wch Juvenil 2013 sub-18"]
[Site "Al-Ain UAE"]
[Date "2013.12.18"]
[Round "1.18"]
[White "Igonin, Temur"]
[Black "De Filomeno, Simone"]
[Result "0-1"]
[WhiteElo "2109"]
[BlackElo "2431"]
[PlyCount "66"]
[EventDate "2013.12.19"]
[EventType "swiss"]
[EventRounds "11"]
[EventCountry "UAE"]
[Source "lmi"]
[SourceDate "2013.12.19"]

1. e4 c5 2. Nf3 d6 3. d4 cxd4 4. Nxd4 Nf6 5. Nc3 a6 6. Bg5 e6 7. f4 h6 8. Bh4
Qb6 9. a3 Nbd7 10. Bf2 Qc7 11. Be2 b5 12. Bf3 Bb7 13. Qe2 Rc8 14. O-O Be7 15.
Rae1 O-O 16. e5 Bxf3 17. gxf3 Nh5 18. Qe3 dxe5 19. fxe5 Bg5 20. Qe4 Bf4 21. Be3
Nc5 22. Ncxb5 axb5 23. Nxb5 Nxe4 24. Nxc7 Ng5 25. Bb6 Rb8 26. Bd4 Rfc8 27. Na6
Rxc2 28. Rf2 Nh3+ 29. Kf1 Rxf2+ 30. Bxf2 Rxb2 31. Re2 Rxe2 32. Kxe2 Nxf2 33.
Kxf2 Bxh2 0-1

[Event "Wch Juvenil 2013 sub-18"]
[Site "Al-Ain UAE"]
[Date "2013.12.18"]
[Round "1.19"]
[White "Laurusas, Tomas"]
[Black "Megalios, Konstantinos"]
[Result "1-0"]
[WhiteElo "2431"]
[BlackElo "2106"]
[PlyCount "141"]
[EventDate "2013.12.19"]
[EventType "swiss"]
[EventRounds "11"]
[EventCountry "UAE"]
[Source "lmi"]
[SourceDate "2013.12.19"]

1. d4 Nf6 2. c4 e6 3. Nc3 Bb4 4. e3 c5 5. Nge2 cxd4 6. exd4 d5 7. a3 Be7 8. Nf4
O-O 9. Be3 Nc6 10. cxd5 Nxd5 11. Nfxd5 exd5 12. Bd3 Be6 13. O-O Rc8 14. Na4 Na5
15. Bf4 Nc4 16. b3 Nb6 17. Nb2 Bd6 18. Bxd6 Qxd6 19. f4 Bd7 20. f5 f6 21. Qd2
Rfe8 22. a4 Re7 23. a5 Na8 24. Na4 Bxa4 25. Rxa4 Nc7 26. Be2 Ne8 27. Bf3 Kf8
28. Qb4 Qxb4 29. Rxb4 Nd6 30. Bxd5 Re2 31. Ra1 Rcc2 32. a6 b5 33. Bf3 Ra2 34.
Rxa2 Rxa2 35. Bb7 Ke7 36. d5 Kd8 37. Rh4 h6 38. Rg4 Nxf5 39. Rg6 Kd7 40. g4 Nh4
41. Rxg7+ Kd6 42. Bc6 Nf3+ 43. Kf1 Nd2+ 44. Ke1 Nf3+ 45. Kd1 Ra1+ 46. Kc2 Rxa6
47. Kc3 Ne5 48. Bxb5 Ra1 49. Bc4 a5 50. Ra7 Kc5 51. Kb2 Rg1 52. Rxa5+ Kd4 53.
Ba6 Rxg4 54. d6 Rg2+ 55. Ka3 Rg8 56. Bb7 Rd8 57. Rd5+ Kc3 58. Ka4 h5 59. b4 Nc4
60. Rxh5 Rxd6 61. Rh3+ Kd4 62. Rh4+ Kc3 63. Bg2 Rb6 64. b5 Rd6 65. Rh3+ Kd4 66.
Kb4 Ne3 67. Rh4+ Ke5 68. Re4+ Kf5 69. Rxe3 Kf4 70. Rc3 f5 71. Bc6 1-0

[Event "Wch Juvenil 2013 sub-18"]
[Site "Al-Ain UAE"]
[Date "2013.12.18"]
[Round "1.20"]
[White "Mejak, Severin"]
[Black "Goryachkina, Aleksandra"]
[Result "1/2-1/2"]
[WhiteElo "2104"]
[BlackElo "2428"]
[PlyCount "135"]
[EventDate "2013.12.19"]
[EventType "swiss"]
[EventRounds "11"]
[EventCountry "UAE"]
[Source "lmi"]
[SourceDate "2013.12.19"]

1. d4 d5 2. c4 e6 3. Nf3 c6 4. Qc2 dxc4 5. Qxc4 Nf6 6. g3 b5 7. Qd3 Bb7 8. Bg2
a6 9. O-O c5 10. dxc5 Qxd3 11. exd3 Bxc5 12. Rd1 Nbd7 13. Nc3 Be7 14. Ng5 Bxg2
15. Kxg2 O-O 16. Nge4 Rfd8 17. Bg5 h6 18. Bf4 Rac8 19. Rac1 Nb6 20. Be3 Nfd5
21. Nxd5 Nxd5 22. Nc3 Nb4 23. d4 Bf6 24. a3 Nc6 25. Ne4 Kh7 26. Nxf6+ gxf6 27.
Rc5 Ne7 28. Rdc1 Kg6 29. Kf3 f5 30. b3 Rb8 31. Rc7 Nd5 32. R7c6 Ra8 33. R1c5
Rd7 34. Ke2 Ne7 35. Rc7 Rxc7 36. Rxc7 Nd5 37. Rc6 h5 38. Kf3 Kf6 39. Bd2 Ke7
40. Bf4 Kd7 41. Rc5 Ra7 42. h3 f6 43. Bd2 Ra8 44. Ba5 Rc8 45. Rxc8 Kxc8 46. Bd2
Kb7 47. Ke2 Kc6 48. Kd3 Nb6 49. Ba5 Nd5 50. Bd2 Kb6 51. f3 Kc6 52. g4 fxg4 53.
fxg4 hxg4 54. hxg4 Kd7 55. Bh6 Ke7 56. Bd2 Kf7 57. a4 Kg6 58. axb5 axb5 59. Ke4
Ne7 60. Bb4 f5+ 61. Ke5 Nc6+ 62. Kxe6 Nxd4+ 63. Kd5 Nxb3 64. gxf5+ Kxf5 65. Kc6
Nd4+ 66. Kc5 Nc2 67. Kxb5 Nxb4 68. Kxb4 1/2-1/2

[Event "Wch Juvenil 2013 sub-18"]
[Site "Al-Ain UAE"]
[Date "2013.12.18"]
[Round "1.21"]
[White "Mons, Leon"]
[Black "Grigorian, Roudolph"]
[Result "0-1"]
[WhiteElo "2428"]
[BlackElo "2101"]
[PlyCount "70"]
[EventDate "2013.12.19"]
[EventType "swiss"]
[EventRounds "11"]
[EventCountry "UAE"]
[Source "lmi"]
[SourceDate "2013.12.19"]

1. e4 e5 2. Nf3 Nc6 3. Bc4 Bc5 4. O-O Nf6 5. d3 d6 6. c3 a6 7. Bb3 Ba7 8. Nbd2
O-O 9. Nc4 Ne7 10. Nh4 Ng6 11. Nxg6 hxg6 12. Bg5 Qd7 13. h3 Nh7 14. Be3 g5 15.
Bxa7 Rxa7 16. d4 b5 17. Ne3 c6 18. a4 Rb7 19. axb5 axb5 20. Nc2 g6 21. Nb4 Qc7
22. Qd2 Kg7 23. Rfd1 Nf6 24. f3 g4 25. hxg4 Rh8 26. g5 Nh5 27. Kf2 d5 28. dxe5
dxe4 29. g4 Qxe5 30. gxh5 Rxh5 31. Rh1 Rd7 32. Qe3 Rh2+ 33. Rxh2 Qxh2+ 34. Kf1
Rd2 35. Re1 Rg2 0-1

[Event "Wch Juvenil 2013 sub-18"]
[Site "Al-Ain UAE"]
[Date "2013.12.18"]
[Round "1.22"]
[White "Madi, Aslan"]
[Black "Ma, Zhonghan"]
[Result "0-1"]
[WhiteElo "2099"]
[BlackElo "2412"]
[PlyCount "46"]
[EventDate "2013.12.19"]
[EventType "swiss"]
[EventRounds "11"]
[EventCountry "UAE"]
[Source "lmi"]
[SourceDate "2013.12.19"]

1. e4 c5 2. Nf3 d6 3. d4 cxd4 4. Nxd4 Nf6 5. Nc3 a6 6. Be3 e5 7. Nb3 Be6 8. f3
Be7 9. Qd2 O-O 10. O-O-O a5 11. Bb5 Na6 12. Kb1 Nc7 13. Bb6 Qb8 14. Qe2 Nxb5
15. Nxb5 a4 16. Na5 Rc8 17. Qf2 Ra6 18. Na7 Rf8 19. Nb5 Nd7 20. Bc7 Qa8 21. Qd2
b6 22. Bxd6 Bxd6 23. Qxd6 bxa5 0-1

[Event "Wch Juvenil 2013 sub-18"]
[Site "Al-Ain UAE"]
[Date "2013.12.18"]
[Round "1.23"]
[White "Barbot, Pierre"]
[Black "Arias, Pablo"]
[Result "1-0"]
[WhiteElo "2404"]
[BlackElo "2084"]
[PlyCount "31"]
[EventDate "2013.12.19"]
[EventType "swiss"]
[EventRounds "11"]
[EventCountry "UAE"]
[Source "lmi"]
[SourceDate "2013.12.19"]

1. d4 d5 2. c4 c6 3. cxd5 cxd5 4. Nc3 Nf6 5. Bf4 Nc6 6. e3 Bf5 7. Qb3 Na5 8.
Bb5+ Bd7 9. Qa4 Nc6 10. Nf3 a6 11. Bxc6 Bxc6 12. Qb3 Ne4 13. Ne5 Nxc3 14. bxc3
Bb5 15. a4 Qa5 16. Ra2 1-0